LIBRARY & INFORMATION CENTRE, KCAET, TAVANUR

ONLINE PUBLIC ACCESS CATALOGUE (OPAC)

Appropriate agri-based technologies for rural women / (Record no. 10017)

MARC details
000 -LEADER
fixed length control field 00448cam a2200157ua 4500
041 ## - LANGUAGE CODE
Language code of text/sound track or separate title eng
082 ## - DEWEY DECIMAL CLASSIFICATION NUMBER
Classification number 631.3
Item number SRI/AP
100 ## - MAIN ENTRY--AUTHOR NAME
Personal name Srivastava, P K .
245 ## - TITLE STATEMENT
Title Appropriate agri-based technologies for rural women /
260 ## - PUBLICATION, DISTRIBUTION, ETC. (IMPRINT)
Place of publication Bhopal :
Name of publisher Central Institute of Agricultural Engineering ,
Year of publication 1995.
300 ## - PHYSICAL DESCRIPTION
Number of Pages 77 ; .
500 ## - GENERAL NOTE
General note Reference **
942 ## - ADDED ENTRY ELEMENTS (KOHA)
Koha item type Books
Holdings
Withdrawn status Lost status Damaged status Home library Current library Date acquired Full call number Accession Number Koha item type
      KAUAET KAUAET 07/04/2012 631.3 19836 Reference
free website counter